000
00261nam a2200121Ia 4500
008
190216s9999||||xx |||||||||||||| ||und||
100
_a
Walter Greiner
245
0
_a
Quantum Mechanics
260
_b
Springer
300
_a
485
650
_a
Physics
942
_c
BK
999
_c
34133
_d
34133